Sida e desporto conhecimentos e preocupações de futebolistas portugueses acerca da sida (Registo nº 201218)

Detalhes MARC
000 -Etiqueta do registo
Valores 00701nam 22002053 4500
010 ## - Número ISBN
ISBN 972-21-1040-3
021 ## - Número do Depósito Legal
Código do país Portugal
Número 96902/96
100 ## - Dados gerais de processamento
Dados gerais 20260312d u||y0pory50 ba
200 ## - Titulo e menção de responsabilidade
Título próprio Sida e desporto conhecimentos e preocupações de futebolistas portugueses acerca da sida
Primeira menção de responsabilidade Basil Ribeiro
210 ## - Publicação
Local de publicação Lisboa
Nome do editor Caminho
Data de publicação imp. 1996
215 ## - Descrição física 
Paginação / Volumes 173, [3] p.
Outras indicações físicas il. ; brochado
Dimensões 21 cm
225 ## - Colecção 
Título próprio da colecção Desporto e tempos livres
Número de parte ou secção 16
606 ## - Nome comum usado como assunto
ID Autoridade 14416
Palavra de ordem Divertimentos públicos. Espetáculos. Cinema.Teatro. Dança. Jogos de mesa. Desportos
675 ## - CDU
Notação 79
Edição PT
Língua por
700 ## - Autor principal (pessoa individual)
ID Autoridade 16827
Apelido Ribeiro
Nome Basil
Datas 1960-
801 ## - Fonte de origem
País PT
Agência BMMN
Regras de catalogação RPC
830 ## - Notas gerais do catalogador
Criado por Vanda
990 ## - Elementos KOHA
Tipo de documento Livro
Exemplares
Situação do levantamento Biblioteca de origem Código de barras Cota Permissão de empréstimo Tipo de documento Forma de aquisição
  Biblioteca Municipal de Montemor-o-Novo 30510 79 RIB|DEP   Livro Compra

Powered by Koha